000 00956nam a22003017a 4500
001 BR9603554
003 BR-BrBNA
005 20230928095240.0
007 ta
008 230509b bl.||||| |||| 00| 0 por d
040 _aBR-BrBNA
_bpor
_cBiblioteca Nacional de Agricultura
041 _a(Por)
072 _aK10
_b2480
090 _ 2480 BR9603554
100 1 _aMartins, A.N.
110 1 _aEscola Superior de Agricultura Luiz de Queiroz, Piracicaba, SP (Brasil)
_0Tese (Mestre em Agronomia)
245 1 _aSistemas de explotacao em seringueiras (Hevea brasiliensis Muell. Arg. cv GT 1)na regiao de Piracicaba, Sao Paulo
260 3 _aPiracicaba, SP (Brasil):
_c1995.
300 _a107 p.
500 _aSummaries (Eng, Por); 36 ref.; 52 tables; 18 illus.
650 _aSeringueira
650 _aExploracao Agricola
650 _aSangria
650 _aBorracha
650 _aSao Paulo
909 _a202309
_bLucia
_c55
_dLucia Elande
942 _cBK
999 _c55419
_d55419